000 00760nab a2200229 a 4500
001 66041
003 138863
005 20201118110248.0
008 ||||||n9999 ||| || ||
041 _aspa
100 _aKessler Cullather, Kevin
245 0 _aProgramas ambientales voluntarios :
_bsus fuerzas rectoras, sus stakeholders y los efectos potenciales en el paradigma regulatorio
260 _aMéxico :
_bCentro de Investigacion y Docencia Económicas,
_c1999.
300 _app-123-149
562 _e0
650 _aANALISIS DE POLITICAS
650 _aASOCIACIONES DE PARTICIPACION MIXTA
650 _aCONTAMINACION ATMOSFERICA
650 _aPOLÍTICA AMBIENTAL
773 _063919
_aGestion y Politica Publica - Vol.8 No.1
942 _cSART
999 _c66041
_d66041